| 000 | 00498nam a2200181Ia 4500 | ||
|---|---|---|---|
| 008 | 230917s9999||||xx |||||||||||||| ||und|| | ||
| 020 | _cRS799 | ||
| 040 |
_e244632 _aMAIN |
||
| 041 | _aEnglish | ||
| 082 | _a658.8 M294M(7) | ||
| 100 | _aMalhotra, Naresh K | ||
| 245 | 0 | _aMarketing research: An applied orientation | |
| 250 | _a7th ed. | ||
| 260 |
_aNoida _bPearson India Education _c2017 |
||
| 300 | _axxx, 968 p. | ||
| 500 | _a3003 08/01/2018 HBD18/7184 27/01/2018 Main Budget | ||
| 942 | _cBK | ||
| 999 |
_c25281 _d25281 |
||